Deutschlands Nachbarn - Statistiken

Allgemein
  • Dieses Quiz wurde 77 mal gespielt
  • Das Durchschnittsergebnis liegt bei 9 aus 9
Antwortstatistiken
Antwort % Korrekt
Österreich
99%
Dänemark
97%
Frankreich
97%
Luxemburg
97%
Niederlande
97%
Schweiz
97%
Belgien
96%
Polen
93%
Tschechien
93%
Keine übereinstimmenden Quizze gefunden
Verteilung der Resultate
Anzahl Personen mit jedem Resultat
Perzentil nach korrekt beantworteten Fragen
Ihre Resultats-Entwicklung
Sie haben dieses Quiz noch nicht gespielt